| 000 | 00990cam a22002531i 4500 | ||
|---|---|---|---|
| 003 | SA-RiAUC | ||
| 005 | 20240919132825.0 | ||
| 008 | 240917q19001999su g 00000 ara c | ||
| 040 |
_aSA-RiAUC _bara _cSA-RiAUC _erda |
||
| 082 | 0 | 4 |
_a215.1 _qSA-RiAUC |
| 090 |
_a215.1 _bم س ع |
||
| 100 | 1 |
_aالمسعودي، محمد بن رديد _eمؤلف. |
|
| 245 | 1 | 0 |
_aالكعبة المشرفة : _bآدابها وأحكامها / _cتأليف محمد بن ردير المسعودي. |
| 264 | 1 |
_a[مكان النشر غير محدد] : _b[الناشر غير محدد]، _c[بين 1900 و1999] |
|
| 264 | 3 |
_aالمدينة المنورة : _bمطابع الرشيد |
|
| 300 |
_a88 صفحة ؛ _c24 سم |
||
| 336 |
_aنص _btxt _2rdacontent _3كتاب |
||
| 337 |
_aبدون وسيط _bn _2rdamedia |
||
| 338 |
_aمجلد _bnc _2rdacarrier |
||
| 650 | 7 |
_aالكعبة _xتاريخ _2aucsh |
|
| 650 | 7 |
_aالكعبة _2aucsh |
|
| 942 |
_2ddc _cBOOK |
||
| 949 |
_aSA-JeALM _d240917 _umohamedma123 _n1 |
||
| 999 |
_c405 _d405 |
||